| 000 | 00409cam a2200181ua 4500 | ||
|---|---|---|---|
| 020 | _c10.00 | ||
| 041 |
_aeng _h |
||
| 082 |
_a595.7 _bMAN/IN |
||
| 100 | _aMani, M S . | ||
| 245 |
_aInsects / _cM S Mani. _hTextual Documents |
||
| 250 |
_a1 / _b. |
||
| 260 |
_aIndia : _bNational Book Trust , _c1971. |
||
| 300 | _a133 ; . | ||
| 365 | _a10.00 | ||
| 504 | _a | ||
| 942 | _cBK | ||
| 999 |
_c9176 _d9176 |
||